| 000 | 01508nam a2200277 a 4500 | ||
|---|---|---|---|
| 003 | DO-SdBNP | ||
| 005 | 20250916131945.0 | ||
| 007 | ta | ||
| 008 | 221101e2003 ve ad||er|||| 001 fdspa d | ||
| 020 | _a9803172034 | ||
| 040 |
_aDO-SdBNP _bspa _cBNPHU |
||
| 082 | 4 |
_222 _bB663e |
|
| 245 |
_aEntre el crimen y el castigo. / _ceditor, Lilian Bobea |
||
| 260 |
_aCaracas, Venezuela : _bNueva Sociedad, _c2003 |
||
| 300 |
_a374 p. : _bil., gráf. ; _c23 cm. |
||
| 500 | _aIncluye datos biográficos en la solapa de la cubierta y en las páginas 371 - 374 | ||
| 500 | _aIncluye bibliografía y notas al pié de páginas. | ||
| 505 |
_aPrefacio. / _rLilian Bobea.-- _gIntroducción. _tPerfil actual de la seguridad ciudadana e impacto en la gobernabilidad democrática. Aportes desde Latinoamérica. / _rJoseph Tulchin, Graig Fagan.-- _tMARCOS CONCEPTUALES SOBRE LA SEGURIDAD CIUDADANA Y LA GOBERNABILIDAD.-- _tCONTEXTO REGIONAL DE LA SEGURIDAD CIUDADANA: ESTUDIOS DE CASOS.-- _tESTADO DE DERECHO BAJO ESTADO DE SITIO: SISTEMAS DE ENFRENTAMIENTO Y MECANISMOS INSTITUCIONALES DE CONTROL.-- _tCOMUNIDADES DE SEGURIDAD CIUDADANA: PERSPECTIVAS Y ESTRATEGIAS DE ABORDAJE DE POLITICAS PUBLICAS EFECTIVAS EN MATERIA DE SEGURIDAD.-- _tEpílogo. |
||
| 590 | _aInventariado 2022 / MF | ||
| 650 | 4 |
_972694 _aSeguridad pública _zAmérica Latina |
|
| 650 | 0 |
_aProblemas sociales _99290 _zAmérica Latina |
|
| 650 | 4 |
_960521 _aViolencia _zAmérica Latina |
|
| 700 | 1 |
_911661 _aBobea, Lilian |
|
| 910 | _aMFeliz | ||
| 942 |
_2ddc _cLBS1 |
||
| 999 |
_c52694 _d52694 |
||